MARC details
| 000 -LEADER |
| campo de control de longitud fija |
01606nam a22003497a 4500 |
| 003 - IDENTIFICADOR DE NÚMERO DE CONTROL |
| campo de control |
OSt |
| 005 - FECHA Y HORA DE LA ÚLTIMA TRANSACCIÓN |
| campo de control |
20230608084609.0 |
| 008 - DATOS DE LONGITUD FIJA--INFORMACIÓN GENERAL |
| campo de control de longitud fija |
221006b |||||||| |||| 00| 0 eng d |
| 040 ## - FUENTE DE CATALOGACIÓN |
| Centro/agencia transcriptor |
Biblioteca Lado V |
| 082 ## - NÚMERO DE LA CLASIFICACIÓN DECIMAL DEWEY |
| Número de clasificación |
700 |
| Número de ítem |
S232c |
| 100 ## - ENTRADA PRINCIPAL--NOMBRE DE PERSONA |
| 9 (RLIN) |
847 |
| Nombre de persona |
Santamaria-Delgado, Carolina |
| Término indicativo de función/relación |
Editor |
| 245 ## - MENCIÓN DEL TÍTULO |
| Título |
Cuadernos/ |
| Resto del título |
de música, artes visuales y artes escénicas/ |
| 260 ## - PUBLICACIÓN, DISTRIBUCIÓN, ETC. |
| Lugar de publicación, distribución, etc. |
Universidad Javeriana |
| Fecha de publicación, distribución, etc. |
2011 |
| Nombre del editor, distribuidor, etc. |
Colombia |
| -- |
Bogota |
| 300 ## - DESCRIPCIÓN FÍSICA |
| Dimensiones |
22x28cm |
| Extensión |
168p. |
| 366 ## - INFORMACIÓN SOBRE DISPONIBILIDAD COMERCIAL |
| Nota |
spa |
| 490 ## - MENCIÓN DE SERIE |
| Mención de serie |
2 |
| Designación de volumen o secuencia |
6 |
| Número Internacional Normalizado para Publicaciones Seriadas |
1794-6670 |
| 505 ## - NOTA DE CONTENIDO CON FORMATO |
| Título |
EDITORIAL |
| Nota de contenido con formato |
La escritura en las disciplinas artísticas |
| 505 ## - NOTA DE CONTENIDO CON FORMATO |
| Título |
Ensayo sobre el ensayo audiovisual |
| 505 ## - NOTA DE CONTENIDO CON FORMATO |
| Título |
Heiner Muller y la ruptura de la forma dramatica |
| 505 ## - NOTA DE CONTENIDO CON FORMATO |
| Título |
Ma'luf: Introducción a la historia, significado y conservación del legado andalusi-magrebi en la música tunecina |
| 505 ## - NOTA DE CONTENIDO CON FORMATO |
| Título |
El cine clásico y su doble anacronismo del mito y del héroe |
| 505 ## - NOTA DE CONTENIDO CON FORMATO |
| Título |
La producción de las artes en las universidades colombianas |
| 505 ## - NOTA DE CONTENIDO CON FORMATO |
| Título |
Editoriales Visuales: Publicidad gráfica y cine al final del frente nacional |
| 505 ## - NOTA DE CONTENIDO CON FORMATO |
| Título |
La Navidad de Harry. De Steven Beroff, puesta en escena de Carlos Bolivar y Juan David Gonzalez |
| 505 ## - NOTA DE CONTENIDO CON FORMATO |
| Título |
Convocatoria para la presentación de artículos |
| 650 ## - PUNTO DE ACCESO ADICIONAL DE MATERIA--TÉRMINO DE MATERIA |
| Fuente del encabezamiento o término |
Tesauro de Arte & Arquitectura |
| Término de materia o nombre geográfico como elemento de entrada |
MUSICA |
| 9 (RLIN) |
703 |
| 650 ## - PUNTO DE ACCESO ADICIONAL DE MATERIA--TÉRMINO DE MATERIA |
| Fuente del encabezamiento o término |
Tesauro de Arte & Arquitectura |
| Término de materia o nombre geográfico como elemento de entrada |
ARTES ESCENICAS |
| 9 (RLIN) |
702 |
| 650 ## - PUNTO DE ACCESO ADICIONAL DE MATERIA--TÉRMINO DE MATERIA |
| Fuente del encabezamiento o término |
Tesauro de Arte & Arquitectura |
| Término de materia o nombre geográfico como elemento de entrada |
ARTES VISUALES |
| 9 (RLIN) |
702 |
| 650 ## - PUNTO DE ACCESO ADICIONAL DE MATERIA--TÉRMINO DE MATERIA |
| Fuente del encabezamiento o término |
Tesauro de Arte & Arquitectura |
| Término de materia o nombre geográfico como elemento de entrada |
EDUCACION |
| 700 ## - ENTRADA AGREGADA--NOMBRE PERSONAL |
| Nombre de persona |
Navarreta, Jose Antonio |
| Término indicativo de función/relación |
editor |
| 942 ## - ELEMENTOS DE ENTRADA SECUNDARIOS (KOHA) |
| Fuente del sistema de clasificación o colocación |
Clasificación Decimal Dewey |
| Tipo de ítem Koha |
Libros |
| Parte de la signatura que corresponde a la clasificación (Parte de la clasificación) |
700 |
| Parte de la signatura que identifica el ejemplar (Parte del ítem) |
S232c |
| Suprimir en OPAC |
No |